Kvalitný manažment zvyšuje hodnotu firmy

Cenami akcií firiem hýbu nielen ich dosiahnuté ekonomické čísla, ale aj to, ako trhy vnímajú ich šéfov. Kvalita vedenia fi rmy, ktorá zahŕňa nielen profesionálne schopnosti, ale aj také osobné vlastnosti topmanažérov ako čestnosť a bezúhonnosť, má priamy a dokonca merateľný vplyv na jej hodnotenie a...

Ausführliche Beschreibung

Gespeichert in:
Bibliographische Detailangaben
Format: Buchkapitel
Sprache:Slowakisch
Schlagworte:
Tags: Tag hinzufügen
Keine Tags, Fügen Sie das erste Tag hinzu!

MARC

LEADER 00000naa a2200000 4500
001 0152657
005 20220725111443.0
041 0 |a slo 
044 |a SK 
245 1 0 |a Kvalitný manažment zvyšuje hodnotu firmy 
520 |a Cenami akcií firiem hýbu nielen ich dosiahnuté ekonomické čísla, ale aj to, ako trhy vnímajú ich šéfov. Kvalita vedenia fi rmy, ktorá zahŕňa nielen profesionálne schopnosti, ale aj také osobné vlastnosti topmanažérov ako čestnosť a bezúhonnosť, má priamy a dokonca merateľný vplyv na jej hodnotenie analytikmi. Tí posudzujú, či sú spoločnosti úspešné a či majú predpoklady byť úspešné aj v budúcnosti. 
610 2 0 |a riadenie ľudských zdrojov 
610 2 0 |a manažment 
610 2 0 |a riadenie vrcholové 
610 2 0 |a hodnota podniku